[Event "Mittelrhein Verbandsliga-O 16/17"]
[Site "Nordrheinwestfalen"]
[Date "2017.04.09"]
[Round "10.8"]
[White "Pfennig, Dieter"]
[Black "Werthmann, Martin Lorenz"]
[Result "0-1"]
[WhiteElo "1180"]
[BlackElo "1399"]
[PlyCount "50"]
[EventDate "2016.09.11"]
[EventType "team-tourn"]
[EventRounds "11"]
[EventCountry "GER"]
[SourceTitle "EXT 2022"]
[Source "ChessBase"]
[SourceDate "2021.10.06"]
[SourceVersion "1"]
[SourceVersionDate "2021.10.06"]
[SourceQuality "1"]
[WhiteTeam "Bergische SF II"]
[BlackTeam "Koeln Lasker II"]
[WhiteTeamCountry "GER"]
[BlackTeamCountry "GER"]

1. e4 e5 2. Nf3 Nc6 3. Bb5 d6 4. Bxc6+ bxc6 5. Nc3 Nf6 6. d4 exd4 7. Nxd4 Bd7 8. h3 Be7 9. Bf4 0-0 10. 0-0 Rb8 11. Rb1 Qc8 12. Qf3 c5 13. Nb3 Bc6 14. Na5 Ba8 15. Rfe1 Qa6 16. Nb3 Rfe8 17. Qg3 Nh5 18. Qg4 Nxf4 19. Qxf4 Bf6 20. Nd5 Bxd5 21. exd5 Rxe1+ 22. Rxe1 Bxb2 23. Qf5 c4 24. Re7 Bf6 25. g4 Bxe7 0-1